ՀՀ Գիտությունների ազգային ակադեմիայի հիմնարար գիտական գրադարան  =   Fundamental Scientific Library of NAS RA

Հայոց տաժանքի ճամբաներով / (Record no. 442312)

MARC details
000 -LEADER
fixed length control field 00861nam a2200229 a 4500
003 - CONTROL NUMBER IDENTIFIER
control field AM-YeHGA
005 - DATE AND TIME OF LATEST TRANSACTION
control field 20250617155931.0
008 - FIXED-LENGTH DATA ELEMENTS--GENERAL INFORMATION
fixed length control field 181126s2018 ir ||||er|||| 000||darm||
040 ## - CATALOGING SOURCE
Original cataloging agency AM-YeHGA
041 0# - LANGUAGE CODE
Language code of text/sound track or separate title arm
090 ## - LOCALLY ASSIGNED LC-TYPE CALL NUMBER (OCLC); LOCAL CALL NUMBER (RLIN)
-- 445099
100 1# - MAIN ENTRY--PERSONAL NAME
Personal name Հաճեան, Յովհաննէս
Titles and words associated with a name Աւ. Քհնյ.
245 10 - TITLE STATEMENT
Title Հայոց տաժանքի ճամբաներով /
Statement of responsibility, etc. Յովհ. Աւ. Քհնյ. Հաճեան.
250 ## - EDITION STATEMENT
Edition statement Բ. հրատարակութիւն.
260 ## - PUBLICATION, DISTRIBUTION, ETC.
Place of publication, distribution, etc. Թեհրան :
Name of publisher, distributor, etc. Քրիստոնէական դաստիարակութեան բաժանմունք,
Date of publication, distribution, etc. 2018.
300 ## - PHYSICAL DESCRIPTION
Extent Հ. ;
Dimensions 23 սմ.
505 00 - FORMATTED CONTENTS NOTE
Miscellaneous information Հ. Ա. (2018, 391 էջ : լուսանկ.)
505 0# - FORMATTED CONTENTS NOTE
Miscellaneous information Հ. Բ. (2018, 284 էջ : լուսանկ.)
650 14 - SUBJECT ADDED ENTRY--TOPICAL TERM
Topical term or geographic name entry element Հայոց ցեղասպանություն (1915-1923)
650 10 - SUBJECT ADDED ENTRY--TOPICAL TERM
Topical term or geographic name entry element Հայոց պատմություն
942 ## - ADDED ENTRY ELEMENTS (KOHA)
Source of classification or shelving scheme Universal Decimal Classification
Koha item type Գրքեր / Books
Holdings
Withdrawn status Lost status Source of classification or shelving scheme Damaged status Not for loan Collection Home library Current library Date acquired Serial enumeration / chronology Total checkouts Full call number Barcode Date last seen Price effective from Koha item type Public note
    Universal Decimal Classification     General Fundamental Scientific Library Fundamental Scientific Library 26/11/2019 Հ. Բ   AII/105348 FL0612087 26/11/2019 26/11/2019 Գրքեր / Books 30 Days Loan


ՀՀ ԳԱԱ հիմնարար գիտական գրադարան
ՀՀ,Երևան 0019
Մարշալ Բաղրամյան 24/6
հեռախոս:(374-10) 52-47-50
Հետադարձ կապ

All site content, except where otherwise noted, is licensed under a
Creative Commons License